Plus grande ville par régions du monde #1 - Statistiques

Statistiques générales
  • Ce quiz a été pris 12 782 fois
  • Le résultat moyen est 10 sur 20
Statistiques - réponses
Région Ville % Correct
Amérique latine Mexico
86%
Catalogne Barcelone
82%
Scandinavie Stockholm
82%
Bavière Munich
76%
Normandie Rouen
64%
Sicile Palerme
62%
Écosse Glasgow
61%
Pays baltes Riga
56%
Péninsule arabique Riyad
56%
Java Jakarta
53%
Afrique subsaharienne Lagos
43%
Corne de l'Afrique Addis-Abeba
40%
Nouvelle-Galles du Sud Sydney
31%
Amérique centrale Guatemala
30%
Caucase Bakou
29%
Amazonie Manaus
26%
Nouvelle-Angleterre Boston
22%
Hokkaidō Sapporo
21%
Grandes Antilles Saint-Domingue
20%
Sibérie Novossibirsk
12%
Aucun quiz correspondant
Distribution des résultats
% des personnes avec chaque résultat
Percentile par nombre de réponses
Votre historique - résultats
Vous n’avez pas pris ce quiz